Southville International School and Colleges
Your cart is empty.
  • Cart
  • Lists
    Public lists Eva Luna New books Lux_list list_1
    Your lists Log in to create your own lists
  • Log in to your account
  • Your cookies
  • Search history
Southville International School and Colleges
  • Advanced search
  • Recent comments
  • Most popular
  • Libraries

Log in to your account

Log in with GOOGLE


If you do not have an external account, but do have a local account, you can still log in:

  1. Home
  2. MARC view: Mr Grimble grumbles /
Normal view MARC view ISBD view

Mr Grimble grumbles / (Record no. 101929)

[ view plain ]
MARC details
000 -LEADER
fixed length control field 00494nam a2200181 a 4500
005 - DATE AND TIME OF LATEST TRANSACTION
control field 20140412111221.0
008 - FIXED-LENGTH DATA ELEMENTS--GENERAL INFORMATION
fixed length control field 001117s19uu xx 00 eng d
020 ## - INTERNATIONAL STANDARD BOOK NUMBER
International Standard Book Number 0-7214-1017-0
050 ## - LIBRARY OF CONGRESS CALL NUMBER
Classification number ER
Item number Gr75 1985
100 ## - MAIN ENTRY--PERSONAL NAME
Personal name McCullagh, Sheila
245 ## - TITLE STATEMENT
Title Mr Grimble grumbles /
Statement of responsibility, etc Shiela M. McCullagh; illustrated by Martin Aitchison.
260 ## - PUBLICATION, DISTRIBUTION, ETC. (IMPRINT)
Place of publication, distribution, etc UK :
Name of publisher, distributor, etc Ladybird,
Date of publication, distribution, etc 1985.
300 ## - PHYSICAL DESCRIPTION
Extent 43 p.
440 ## - SERIES STATEMENT/ADDED ENTRY--TITLE
Title Puddle lane
650 ## - SUBJECT ADDED ENTRY--TOPICAL TERM
Topical term or geographic name as entry element Magic -- Fiction
650 ## - SUBJECT ADDED ENTRY--TOPICAL TERM
Topical term or geographic name as entry element Reading
Holdings
Withdrawn status Lost status Damaged status Use restrictions Home library Current library Shelving location Date acquired Source of acquisition Total Checkouts Full call number Barcode Date last seen Price effective from Koha item type
        Elizalde Library Elizalde Library Easy Reading Section 11/17/2000     ER Gr75 1985 E0097 04/12/2014 04/12/2014 Books

Mr Grimble grumbles /

APA

McCullagh S., . (1985). Mr Grimble grumbles. UK: Ladybird.

Chicago

McCullagh Sheila, . 1985. Mr Grimble grumbles. UK: Ladybird.

Harvard

McCullagh S., . (1985). Mr Grimble grumbles. UK: Ladybird.

MLA

McCullagh Sheila, . Mr Grimble grumbles. UK: Ladybird. 1985.

  • Place hold
  • Print
  • Cite
  • Add to your cart (remove)
  • Save record
    BIBTEX Dublin Core MARCXML MARC (non-Unicode/MARC-8) MARC (Unicode/UTF-8) MARC (Unicode/UTF-8, Standard) MODS (XML) RIS
  • More searches
    Search for this title in:
    Other Libraries (WorldCat) Other Databases (Google Scholar) Online Stores (Bookfinder.com) Open Library (openlibrary.org)

Exporting to Dublin Core...

SOUTHVILLE LIBRARY

Southville International School and Colleges Library

1281 Tropical Ave. Cor. Luxembourg St., BF Homes International, Las Pinas City

Tel. No. 8256374 / 252358 Loc. 117/146

Powered by Koha